000 00506nam a22001937a 4500
005 20260601114430.0
010 _aENG-148663
020 _a9789349042834
_c225.00
035 _aEN-132195
037 _bDBAD
082 _aN
_21
100 _aShelley, Mary
245 _aFrankenstein/
_cMary Shelley
250 _a1
260 _aChandigarh
_bThe Browser
_c2026
270 _bChandigarh
_aSCO 14-15, Sector 8-C
_e160009
_mservice@thebrowser.org
300 _a176p.
_c21cm(pb)
942 _2ddc
_cEN
_hN
_mSHE
999 _c216425
_d216425